Famous figures in American History by Picture - Statistics

General Stats
  • This quiz has been taken 119 times
  • The average score is 11 of 16
Answer Stats
Picture Answer % Correct
John F. Kennedy
98%
Dwayne Johnson
96%
Taylor Swift
91%
Will Smith
89%
Michael Jordan
84%
Serena Williams
84%
Marilyn Monroe
81%
Lyndon B. Johnson
71%
Jerry Seinfeld
68%
Michael Phelps
68%
Douglas Macarthur
55%
John Wayne
54%
Ray Charles
53%
Jay Leno
49%
Steve Martin
48%
Bob Hope
40%
No matching quizzes found
Score Distribution
Percent of People with Each Score
Percentile by Number Answered
Your Score History
You have not taken this quiz